Statistiken für Bundesliga Trainer 2023/24

Klicken Sie hier um das Quiz zu spielen!

Allgemein

  • Dieses Quiz wurde 114 mal gespielt
  • Das Durchschnittsergebnis liegt bei 13 aus 18

Antwortstatistiken

VereinTrainer% Korrekt
FC Bayern MünchenThomas Tuchel
100%
SC FreiburgChristian Streich
97%
Borussia DortmundEdin Terzic
97%
Bayer 04 LeverkusenXabi Alonso
97%
RB LeipzigMarco Rose
94%
FC Union BerlinUrs Fischer
90%
1. FC KölnSteffen Baumgart
85%
VfL WolfsburgNiko Kovac
83%
1. FSV Mainz 05Bo Svensson
73%
VfB StuttgartSebastian Hoeneß
72%
Werder BremenOle Werner
65%
Eintracht FrankfurtDino Toppmöller
64%
Borussia MönchengladbachGerardo Seoane
63%
1. FC HeidenheimFrank Schmidt
62%
FC AugsburgEnrico Maaßen
52%
TSG 1899 HoffenheimPellegrino Matarazzo
49%
SV Darmstadt 98Torsten Lieberknecht
49%
VfL BochumThomas Letsch
41%

Verteilung der Resultate

Perzentil nach korrekt beantworteten Fragen

Anzahl Personen mit jedem Resultat

Ihre Resultats-Entwicklung

Sie haben dieses Quiz noch nicht gespielt